Southville International School and Colleges
Your cart is empty.
  • Cart
  • Lists
    Public lists Eva Luna New books Lux_list list_1
    Your lists Log in to create your own lists
  • Log in to your account
  • Your cookies
  • Search history
Southville International School and Colleges
  • Advanced search
  • Recent comments
  • Most popular
  • Libraries

Log in to your account

Log in with GOOGLE


If you do not have an external account, but do have a local account, you can still log in:

  1. Home
  2. MARC view: Organization and management /
Normal view MARC view ISBD view

Organization and management / (Record no. 21372)

[ view plain ]
MARC details
000 -LEADER
fixed length control field 00551nam a2200193 a 4500
005 - DATE AND TIME OF LATEST TRANSACTION
control field 20140310183320.0
008 - FIXED-LENGTH DATA ELEMENTS--GENERAL INFORMATION
fixed length control field 020821s19uu xx 00 eng d
020 ## - INTERNATIONAL STANDARD BOOK NUMBER
International Standard Book Number 971-733-009-3
050 ## - LIBRARY OF CONGRESS CALL NUMBER
Classification number HD 31
Item number .Sa237 2004
100 ## - MAIN ENTRY--PERSONAL NAME
Personal name Santos, Emmanuel Tiu
245 ## - TITLE STATEMENT
Title Organization and management /
Statement of responsibility, etc Emmanuel Tiu Santos.
260 ## - PUBLICATION, DISTRIBUTION, ETC. (IMPRINT)
Place of publication, distribution, etc Philippines :
Name of publisher, distributor, etc International Academy of Mangement & Economics,
Date of publication, distribution, etc c2004.
300 ## - PHYSICAL DESCRIPTION
Extent 713 p. :
Dimensions 22 cm.
521 ## - TARGET AUDIENCE NOTE
Target audience note
650 ## - SUBJECT ADDED ENTRY--TOPICAL TERM
Topical term or geographic name as entry element Management
650 ## - SUBJECT ADDED ENTRY--TOPICAL TERM
Topical term or geographic name as entry element Organization
942 ## - ADDED ENTRY ELEMENTS (KOHA)
Koha item type Books
Source of classification or shelving scheme Library of Congress Classification
Holdings
Withdrawn status Lost status Source of classification or shelving scheme Damaged status Home library Current library Shelving location Date acquired Total Checkouts Full call number Barcode Date last seen Date checked out Copy number Price effective from Koha item type
    Library of Congress Classification   College Library College Library General Circulation Section 02/17/2006 1 HD 31 .Sa237 2004 C6839 05/15/2018 11/28/2016 1 03/10/2014 Books

Organization and management /

APA

Santos E. T., . (2004). Organization and management. Philippines: International Academy of Mangement & Economics.

Chicago

Santos Emmanuel Tiu, . 2004. Organization and management. Philippines: International Academy of Mangement & Economics.

Harvard

Santos E. T., . (2004). Organization and management. Philippines: International Academy of Mangement & Economics.

MLA

Santos Emmanuel Tiu, . Organization and management. Philippines: International Academy of Mangement & Economics. 2004.

  • Place hold
  • Print
  • Cite
  • Add to your cart (remove)
  • Save record
    BIBTEX Dublin Core MARCXML MARC (non-Unicode/MARC-8) MARC (Unicode/UTF-8) MARC (Unicode/UTF-8, Standard) MODS (XML) RIS
  • More searches
    Search for this title in:
    Other Libraries (WorldCat) Other Databases (Google Scholar) Online Stores (Bookfinder.com) Open Library (openlibrary.org)

Exporting to Dublin Core...

SOUTHVILLE LIBRARY

Southville International School and Colleges Library

1281 Tropical Ave. Cor. Luxembourg St., BF Homes International, Las Pinas City

Tel. No. 8256374 / 252358 Loc. 117/146

Powered by Koha